00813nam a22001817a 4500003000900000008004100009040007100050082002300121100006100144245004700205260003800252300004400290505009800334650001300432650001700445650002400462700014500486AR-CdUCM190529b ||||| |||| 00| 0 spa d aMUNICIPALIDAD PROVINCIAL DEL CUSCOcBIBLIOTECA MUNICIPAL DEL CUSCO a158.1 /bS6122ed. aSmith, Ronald E., Sarason, Irwin G y Sarason, Barbara R. aPsicología :bFronteras de la conducta / aMéxico, D. F. :bHarla,c1984. a924 páginas ;bIlustraciones,c24 cm. aContenido: Psicología y profesión -- Drogas y conciencia -- Capacidades y evaluación... aConducta aPsicología aProcesos cognitivos a Carmen Pesina, José (traducción), Guzman de olliver, Julieta (revisión técnica), Blengio P., José Rafael (supervisión editorial